<?xml version="1.0" encoding="UTF-8"?>
<record
    xmlns:xsi="http://www.w3.org/2001/XMLSchema-instance"
    xsi:schemaLocation="http://www.loc.gov/MARC21/slim http://www.loc.gov/standards/marcxml/schema/MARC21slim.xsd"
    xmlns="http://www.loc.gov/MARC21/slim">

  <leader>01436nam a22001817a 4500</leader>
  <controlfield tag="008">150202b        xxu||||| |||| 00| 0 eng d</controlfield>
  <datafield tag="020" ind1=" " ind2=" ">
    <subfield code="a">  0789562901         </subfield>
  </datafield>
  <datafield tag="050" ind1=" " ind2=" ">
    <subfield code="a">HF5548.4.M525 S485</subfield>
  </datafield>
  <datafield tag="100" ind1=" " ind2=" ">
    <subfield code="a"> Gary, Shelly B.</subfield>
  </datafield>
  <datafield tag="245" ind1=" " ind2=" ">
    <subfield code="a">Microsoft Office XP: Advanced concepts and techniques, Word 2002, Excel 2002, Access 2002, Powerpoint 2002. /</subfield>
    <subfield code="c"> Shelly B. Gary</subfield>
  </datafield>
  <datafield tag="260" ind1=" " ind2=" ">
    <subfield code="a">U.S.A:</subfield>
    <subfield code="b">Thomson Course Technology,</subfield>
    <subfield code="c">2002.</subfield>
  </datafield>
  <datafield tag="300" ind1=" " ind2=" ">
    <subfield code="a">xxiii,+ various pagings.:</subfield>
    <subfield code="b">ill.;</subfield>
    <subfield code="c">25cm.</subfield>
  </datafield>
  <datafield tag="500" ind1=" " ind2=" ">
    <subfield code="a">Includes references and appendix.</subfield>
  </datafield>
  <datafield tag="505" ind1=" " ind2=" ">
    <subfield code="a">Contents: Creating a document with a table, chart and watermark -- Generating form letters, mailing labels, envelopes and directories -- Creating a professional newsletter -- Merging from letters to E-mail address using an outlook contacts lists -- Financial functions, data tables, amortization schedules and hyperlinks -- Creating, sorting and querying a worksheet database -- Creating templates and working with multiple worksheets and workbooks -- Linking an excel worksheet to a word document and web discussions -- Reports, forms and combo boxes -- Enhancing forms with OLE fields, hyperlinks and subforms --Creating an application system using macros, wizards and the switchboard manager -- Sharing data among applications -- Using visuals to enhance a slide show -- Microsoft office XP help system.</subfield>
  </datafield>
  <datafield tag="700" ind1=" " ind2=" ">
    <subfield code="a">Cashman, Thomas J.</subfield>
  </datafield>
  <datafield tag="700" ind1=" " ind2=" ">
    <subfield code="a">Vermaat, Misty E.</subfield>
  </datafield>
  <datafield tag="942" ind1=" " ind2=" ">
    <subfield code="2">lcc</subfield>
    <subfield code="c">BK</subfield>
  </datafield>
  <datafield tag="999" ind1=" " ind2=" ">
    <subfield code="c">5333</subfield>
    <subfield code="d">12833</subfield>
  </datafield>
  <datafield tag="952" ind1=" " ind2=" ">
    <subfield code="0">0</subfield>
    <subfield code="1">0</subfield>
    <subfield code="2">lcc</subfield>
    <subfield code="4">0</subfield>
    <subfield code="7">0</subfield>
    <subfield code="a">WIUC-1</subfield>
    <subfield code="b">WIUC-1</subfield>
    <subfield code="c">REF</subfield>
    <subfield code="d">2015-02-02</subfield>
    <subfield code="l">0</subfield>
    <subfield code="o">HF5548.4.M525 S485</subfield>
    <subfield code="p">7503/531/13</subfield>
    <subfield code="r">2015-02-02 00:00:00</subfield>
    <subfield code="t">1</subfield>
    <subfield code="w">2015-02-02</subfield>
    <subfield code="y">BK</subfield>
  </datafield>
</record>
